[Event "Open Sicilian Mini-Tournament"]
[Site "SchemingMind.com"]
[Date "2007.01.31"]
[Round "-"]
[White "tacticrules"]
[Black "Archon"]
[Result "0-1"]
[WhiteCountry "GER"]
[BlackCountry "CAN"]
[WhiteElo "1554"]
[WhiteRD "51"]
[BlackElo "1661"]
[BlackRD "65"]
[GameID "89621"]

1. e4 c5 2. Nc3 d6 3. g3 Nc6 4. Bg2 g6 5. Nf3 Bg7 6. O-O Bg4 7. h3 Bxf3 8. Bxf3 e6 9. d3 Nge7 10. Be3 O-O
11. Qd2 Re8 12. Rad1 Rc8 13. Bg5 Qa5 14. Rfe1 Nd4 15. Bg2 c4 16. Bxe7 Rxe7 17. Ne2 Nxe2+ 18. Rxe2 c3 19. bxc3 Bxc3 20. Qg5 Ree8
21. f4 Qxg5 22. fxg5 Bd4+ 23. Kh1 Rc3 24. Rb1 b6 25. Kh2 Rec8 26. h4 Rxc2 27. Rxc2 Rxc2 28. Rb4 e5 29. Rc4 Rxa2 30. Kh3 Rxg2
31. Kxg2 Bc5 32. Kf1 Kf8 33. g4 Ke7 34. Ke1 Kd7 35. Kd2 a5 36. Kc3 Kc6 37. Kb3 b5 38. Rc1 Kb6 39. Ra1 a4+ 40. Kc2 Ka5
41. Kc3 b4+ 42. Kc4 Bf2 43. h5 Bd4 44. Ra2 b3
0-1

[Event "Open Sicilian Mini-Tournament"]
[Site "SchemingMind.com"]
[Date "2007.01.31"]
[Round "-"]
[White "sabicas"]
[Black "Archon"]
[Result "1/2-1/2"]
[WhiteCountry "ROU"]
[BlackCountry "CAN"]
[WhiteElo "1442"]
[WhiteRD "106"]
[BlackElo "1661"]
[BlackRD "65"]
[GameID "89622"]

1. e4 c5 2. Ne2 d6 3. d4 cxd4 4. Nxd4 Nf6 5. Nc3 e6 6. g4 h6 7. Bg2 a6 8. Be3 Nc6 9. h3 Be7 10. Qd2 Qa5
11. Nb3 Qc7 12. Na4 Nd7 13. O-O b5 14. Nc3 Bb7 15. f4 e5 16. Nd5 Qd8 17. Nxe7 Qxe7 18. Rad1 O-O-O 19. Qxd6 Qxd6 20. Rxd6 Nf6
21. Rfd1 Rxd6 22. Rxd6 Rd8 23. Rxd8+ Kxd8 24. Nc5 Bc8 25. c3 Ke7 26. Kf2 Nd7 27. Nxd7 Bxd7 28. Bc5+ Ke8 29. Bd6 exf4 30. Bxf4 f6
31. Ke3 Ke7 32. Bf1 Ke6 33. a4 Ne5 34. axb5 axb5 35. Bxe5 fxe5 36. b4 g5 37. c4 bxc4 38. Bxc4+ Kd6 39. Kd2 Kc6 40. Kc3 Kb6
41. Kd3 Bc6 42. Ke3 Bd7 43. Kd3=
1/2-1/2

[Event "Open Sicilian Mini-Tournament"]
[Site "SchemingMind.com"]
[Date "2007.01.31"]
[Round "-"]
[White "Lovac"]
[Black "Archon"]
[Result "1-0"]
[WhiteCountry "CRO"]
[BlackCountry "CAN"]
[WhiteElo "1759"]
[WhiteRD "259"]
[BlackElo "1660"]
[BlackRD "74"]
[GameID "89623"]

1. e4 c5 2. Nf3 d6 3. Bb5+ Bd7 4. Bxd7+ Nxd7 5. d4 cxd4 6. Qxd4 Ngf6 7. Bg5 e6 8. Nc3 Be7 9. O-O-O Qc7 10. h4 h6
11. Be3 Rc8 12. Rdg1 a6 13. g4 Kf8 14. g5 hxg5 15. hxg5 Rxh1 16. Rxh1 Ng8 17. Rh8 Nf6 18. gxf6 Bxf6 19. Qd2 g6 20. Bh6+ Ke7
21. Bg5 Bxg5 22. Qxg5+
1-0

[Event "Open Sicilian Mini-Tournament"]
[Site "SchemingMind.com"]
[Date "2007.02.01"]
[Round "-"]
[White "johnney17"]
[Black "Archon"]
[Result "0-1"]
[WhiteCountry "IND"]
[BlackCountry "CAN"]
[WhiteElo "1275"]
[WhiteRD "141"]
[BlackElo "1661"]
[BlackRD "65"]
[GameID "89649"]

1. e4 c5 2. d4 cxd4 3. Nf3 d6 4. Nxd4 Nf6 5. Bb5+ Bd7 6. Qd3 a6 7. Bxd7+ Nbxd7 8. Nf5 g6 9. Ng3 Bg7 10. Bg5 O-O
0-1